Prosperity for all? : (Record no. 14535)

000 -LEADER
fixed length control field 01125cam a2200301 a 4500
001 - CONTROL NUMBER
control field 14108164
005 - DATE AND TIME OF LATEST TRANSACTION
control field 20170105102857.0
008 - FIXED-LENGTH DATA ELEMENTS--GENERAL INFORMATION
fixed length control field 050914s2005 at a b 001 0 eng d
010 ## - LIBRARY OF CONGRESS CONTROL NUMBER
LC control number 2005440382
020 ## - INTERNATIONAL STANDARD BOOK NUMBER
International Standard Book Number 0170127427
040 ## - CATALOGING SOURCE
Original cataloging agency ANL
Language of cataloging eng
Transcribing agency DLC
042 ## - AUTHENTICATION CODE
Authentication code lccopycat
043 ## - GEOGRAPHIC AREA CODE
Geographic area code u-nz---
050 00 - LIBRARY OF CONGRESS CALL NUMBER
Classification number HC665
Item number .R66 2005
082 04 - DEWEY DECIMAL CLASSIFICATION NUMBER
Classification number 338.993
Edition number 22
100 1# - MAIN ENTRY--PERSONAL NAME
Personal name Roper, Brian S.
Fuller form of name (Brian Staples),
Dates associated with a name 1961-
245 10 - TITLE STATEMENT
Title Prosperity for all? :
Remainder of title economic, social and political change in New Zealand since 1935 /
Statement of responsibility, etc. Brian S. Roper.
260 ## - PUBLICATION, DISTRIBUTION, ETC.
Place of publication, distribution, etc. Southbank, Vic. :
Name of publisher, distributor, etc. Thomson/Dunmore Press,
Date of publication, distribution, etc. 2005.
300 ## - PHYSICAL DESCRIPTION
Extent xxiii, 280 p. :
Other physical details ill., ;
Dimensions 24 cm.
504 ## - BIBLIOGRAPHY, ETC. NOTE
Bibliography, etc. note Include bibliographic references (p. [255]-273) and index.
521 ## - TARGET AUDIENCE NOTE
Target audience note For tertiary students.
651 #0 - SUBJECT ADDED ENTRY--GEOGRAPHIC NAME
Geographic name New Zealand
General subdivision Economic conditions
Chronological subdivision 20th century.
651 #0 - SUBJECT ADDED ENTRY--GEOGRAPHIC NAME
Geographic name New Zealand
General subdivision Social conditions
Chronological subdivision 20th century.
651 #0 - SUBJECT ADDED ENTRY--GEOGRAPHIC NAME
Geographic name New Zealand
General subdivision Politics and government
Chronological subdivision 20th Century.
906 ## - LOCAL DATA ELEMENT F, LDF (RLIN)
a 7
b cbc
c copycat
d 2
e ncip
f 20
g y-gencatlg
942 ## - ADDED ENTRY ELEMENTS (KOHA)
Source of classification or shelving scheme
Koha item type Book
Holdings
Withdrawn status Lost status Damaged status Not for loan Collection code Permanent Location Current Location Shelving location Date acquired Total Checkouts Full call number Barcode Date last seen Price effective from Koha item type
          Centre for International Peace & Stability (CIPS) Centre for International Peace & Stability (CIPS) General Stacks 09/10/2013   338.993 ROP 2005 CIPS0000947 09/12/2013 09/12/2013 Book
© 2023 Central Library, National University of Sciences and Technology. All Rights Reserved.